000 00886nam a2200229 a 4500
001 BRCA_1369
005 20190320203409.0
008 940114s1993 mx-a---##b---#000-0#spa-#
020 _a9688590932
040 _aDLC
_cDLC
_dDLC
050 4 _aNA5257.E8
_b.S64 1993
100 1 _aSohn Raeber, Ana Luisa
_94476
245 1 0 _aEntre el humanismo y la fe
_bel Convento de San Agustín de Atotonilco el Grande
_cAna Luisa Sohn Raeber.
260 _a[México]
_bUniversidad Iberoamericana, Departamento de Arte
_cc1993.
300 _a223 p.
_bil.
_c29 cm.
504 _aBibliografía: p. 216-222
610 2 4 _aConvento de San Agustín de Atotonilco el Grande (Atotonilco el Grande, México)
_94477
650 1 4 _aConventos
_zMéxico
_94478
650 1 4 _aArte y simbolismo cristiano
_zMéxico
_94479
651 4 _aAtotonilco el Grande, México
_xEdificios, estructuras, etc.
_94480
942 _2lcc
_cB
999 _c1231
_d1231